Systematische Organische chemie
| Main Author: | |
|---|---|
| Format: | Section = Libro |
| Language: | Undetermined Spanish |
| Published: |
Enschede
Introducción a la programación
1971
|
| Subjects: |
| LEADER | 00534nam a2200205Ia 4500 | ||
|---|---|---|---|
| 008 | 240830s9999 xx 000 0 und d | ||
| 020 | |a 90 10 10309 9 | ||
| 040 | |a CEDOC FIQ-RUSB / 547 S163 | ||
| 041 | |a spa | ||
| 082 | |a 547 S163 | ||
| 100 | 1 | |a Salemink, C. A | |
| 245 | 1 | 0 | |a Systematische Organische chemie |
| 260 | |a Enschede |b Introducción a la programación |c 1971 | ||
| 300 | |a 212 p. :il. | ||
| 650 | 7 | |a QUIMICA ORGANICA | |
| 650 | 7 | |b QUIMICA | |
| 650 | 7 | |c QUIMICA SISTEMATICA | |
| 942 | |c BK |2 ddc | ||
| 991 | |a TEXTO | ||
| 999 | |c 13966 | ||